Государь (Запись № 13664405)
[ простой вид ]
| 000 -МАРКЕР | |
|---|---|
| контрольное поле | 01963nam0a2200373 4500 |
| 001 - ИДЕНТИФИКАТОР ЗАПИСИ | |
| контрольное поле | RU\NLR\BIBL_A\022313079 |
| 005 - ИДЕНТИФИКАТОР ВЕРСИИ | |
| контрольное поле | 20260420014133.0 |
| 010 ## - МЕЖДУНАРОДНЫЙ СТАНДАРТНЫЙ НОМЕР КНИГИ (ISBN) | |
| Номер (ISBN) | 978-5-17-165230-2 |
| Тираж | 2000 |
| 021 ## - НОМЕР ГОСУДАРСТВЕННОЙ РЕГИСТРАЦИИ | |
| Код страны | Российская Федерация |
| Номер | КН-П-24-042676 |
| Номер Листа государственной регистраци | КН-П-24-4246 |
| 035 ## - ДРУГИЕ СИСТЕМНЫЕ НОМЕРА | |
| Идентификатор записи | (NLR Aleph) 022313079 |
| 100 ## - ДАННЫЕ ОБЩЕЙ ОБРАБОТКИ | |
| Данные общей обработки | 20240904d2024 u y0rusy50 ca |
| 101 1# - ЯЗЫК РЕСУРСА | |
| Язык текста, звукозаписи и т.д. | русский |
| Язык оригинала | итальянский |
| 102 ## - СТРАНА ПУБЛИКАЦИИ ИЛИ ПРОИЗВОДСТВА | |
| Страна публикации | Российская Федерация |
| 105 ## - ПОЛЕ КОДИРОВАННЫХ ДАННЫХ: ТЕКСТОВЫЕ МАТЕРИАЛЫ, МОНОГРАФИЧЕСКИЕ | |
| Кодированные данные о монографическом текстовом документе | acf z 000zy |
| 181 #0 - ПОЛЕ КОДИРОВАННЫХ ДАННЫХ: ВИД СОДЕРЖАНИЯ | |
| Код вида содержания (ISBD) | i3 |
| Код характеристики содержания (ISBD) | axxe |
| 182 #0 - ПОЛЕ КОДИРОВАННЫХ ДАННЫХ: ТИП СРЕДСТВА | |
| Код типа средства (ISBD) | n - непосредственное |
| 200 1# - ЗАГЛАВИЕ И СВЕДЕНИЯ ОБ ОТВЕТСТВЕННОСТИ | |
| Основное заглавие | Государь |
| Сведения, относящиеся к заглавию | с комментариями и иллюстрациями |
| -- | [сборник] |
| Первые сведения об ответственности | Никколо Макиавелли |
| Последующие сведения об ответственности | составление, предисловие, преамбулы к текстам, комментарии Эльвиры Вашкевич |
| -- | перевод с итальянского Галины Муравьевой |
| 203 ## - ВИД СОДЕРЖАНИЯ И ТИП СРЕДСТВА | |
| Вид содержания | Текст |
| Дополнительные сведения об издании | визуальный |
| Тип средства | непосредственный |
| 210 ## - ПУБЛИКАЦИЯ, РАСПРОСТРАНЕНИЕ И ДР. | |
| Место издания, распространения и т.д. | Москва |
| Имя издателя, распространителя и т. д. | АСТ |
| Дата издания, распространения и т.д. | 2024 |
| 215 ## - ФИЗИЧЕСКАЯ ХАРАКТЕРИСТИКА | |
| Специфическое обозначение материала и объем | 253, [3] с., [2] вкл. л. цв. ил., портр. |
| Другие сведения о физической характеристике | ил., портр. |
| Размеры | 21 |
| 225 1# - СЕРИЯ | |
| Основное заглавие серии | Популярная философия с иллюстрациями |
| 327 1# - ПРИМЕЧАНИЯ О СОДЕРЖАНИИ | |
| Текст примечания | Содерж.: Государь; О военном искусстве (кн.. 1, 4, 7) |
| 333 ## - ПРИМЕЧАНИЯ ОБ ОСОБЕННОСТЯХ РАСПРОСТРАНЕНИЯ И ИСПОЛЬЗОВАНИЯ | |
| Текст примечания | 12+ |
| 604 ## - ИМЯ И ЗАГЛАВИЕ КАК ПРЕДМЕТ | |
| Связываемые данные | 700#1$aМакиавелли$bН.$gНикколо$f1469 - 1527 |
| -- | 500##$a"Государь"$jКомментарии$2nlr_sh1$2nlr_sh2$3RU\NLR\AUTH\661285572 |
| Идентификатор авторитетной/нормативной записи | RU\NLR\AUTH\661285572 |
| Имя лица | Макиавелли, Никколо (1469 - 1527) |
| Заглавие | "Государь" |
| Формальный подзаголовок | Комментарии |
| Системный номер авторитетной/нормативной записи | 2130928 |
| 686 1# - ИНДЕКСЫ ДРУГИХ КЛАССИФИКАЦИЙ | |
| Индекс | Ю3(4Ит)43-407.1-0 |
| 686 1# - ИНДЕКСЫ ДРУГИХ КЛАССИФИКАЦИЙ | |
| Индекс | Х1(4Ит)403 |
| 686 1# - ИНДЕКСЫ ДРУГИХ КЛАССИФИКАЦИЙ | |
| Индекс | Ш5(4Ит)43-4Макиавелли534 |
| 700 #1 - ИМЯ ЛИЦА - ПЕРВИЧНАЯ ОТВЕТСТВЕННОСТЬ | |
| Графика поля | Кириллица |
| Материалы, к которым относится поле | rus |
| Начальный элемент ввода | Макиавелли |
| Часть имени, кроме начального элемента ввода | Н. |
| Даты | 1469-1527 |
| Расширение инициалов личного имени | Никколо |
| Системный номер авторитетной/нормативной записи | 117570 |
| Идентификатор авторитетной/нормативной записи | RU\NLR\AUTH\777637 |
| 702 #1 - ИМЯ ЛИЦА - ВТОРИЧНАЯ ОТВЕТСТВЕННОСТЬ | |
| Начальный элемент ввода | Вашкевич |
| Часть имени, кроме начального элемента ввода | Э. |
| Расширение инициалов личного имени | Эльвира |
| Код отношения | Составитель |
| 942 ## - ДОПОЛНИТЕЛЬНЫЕ ЭЛЕМЕНТЫ ЗАПИСИ (АБИС) | |
| Тип экземпляра АБИС | Книга |
| 980 ## - КОЛЛЕКЦИЯ | |
| Название коллекции | Национальная библиография |
Нет доступных экземпляров.